| 000 | 00455 a2200157 4500 | ||
|---|---|---|---|
| 020 | _a1562762427 : | ||
| 040 |
_aDLC _bDLC |
||
| 082 | 0 | 0 | _a006.6 |
| 100 | 1 | _aProsise, Jeff. | |
| 245 | 1 | 0 |
_aHow computer graphics work _cJeff Prosise ; illustrated by Gary Suen. |
| 260 |
_aEmeryville, Calif. : _bZiff-Davis Press, _cc1994. |
||
| 300 |
_axi, 182 p. : _bcol. ill. ; _c27 cm. |
||
| 500 | _aIncludes index. | ||
| 650 | 0 | _aComputer graphics. | |
| 942 |
_cBK _2ddc |
||
| 999 |
_c483734 _d483734 |
||